| 000 | 01057cam a22002774a 4500 | ||
|---|---|---|---|
| 001 | 11995160 | ||
| 003 | OSt | ||
| 005 | 20211122033006.0 | ||
| 008 | 000503s2000 ohuab b 101 0 eng | ||
| 010 | _a 00034232 | ||
| 020 | _a1574771000 | ||
| 040 |
_aMMU _cMMU _dMMU _beng |
||
| 050 | 0 | 0 |
_aTD1066.O73 _bI58 2000c |
| 100 | _aWickramanayake, Godage B., | ||
| 245 | 1 | 0 |
_aChemical oxidation and reactive barriers : _bremediation of chlorinated and recalcitrant compounds / _ceditors, Godage B. Wickramanayake, Arun R. Gavaskar, and Abraham S.C. Chen. |
| 260 |
_aColumbus, Ohio : _bBattelle Press, _cc2000. |
||
| 300 |
_ax, 470 p. : _bill., maps ; _c24 cm. |
||
| 500 | _aIncludes bibliographical references and indexes. | ||
| 650 | 0 |
_aOrganochlorine compounds _xEnvironmental aspects _vCongresses. |
|
| 650 | 0 |
_aOxidation _vCongresses. |
|
| 650 | 0 |
_aIn situ remediation _vCongresses. |
|
| 650 | 0 |
_aHazardous waste site remediation _vCongresses. |
|
| 700 | 1 |
_aGavaskar, Arun R., _d1962- |
|
| 700 | 1 |
_aChen, Abraham S. C., _d1951- |
|
| 942 |
_2lcc _cLOAN LOAN |
||
| 999 |
_c22511 _d22511 |
||